Most popular Carbrands per country (Europe) - Statistics

General Stats
  • This quiz has been taken 67 times
  • The average score is 17 of 27
Answer Stats
Country Answer % Correct
Austria Volkswagen
86%
Belgium Volkswagen
86%
Germany Volkswagen
86%
Latvia Volkswagen
86%
Lithuania Volkswagen
86%
Luxembourg Volkswagen
86%
Netherlands Volkswagen
86%
Italy Fiat
72%
Sweden Volvo
70%
Croatia Skoda
68%
Czechia Skoda
68%
Estonia Skoda
68%
Poland Skoda
68%
Slovakia Skoda
68%
Switzerland Skoda
68%
Uk Ford
65%
Denmark Peugeot
65%
France Renault
63%
Portugal Renault
63%
Slovenia Renault
63%
Greece Toyota
61%
Spain Seat
47%
Romania Dacia
42%
Finland Nissan
30%
Ireland Nissan
30%
Norway Nissan
30%
Hungary Suzuki
14%
No matching quizzes found
Score Distribution
Percent of People with Each Score
Percentile by Number Answered
Your Score History
You have not taken this quiz